Statistics for Musical Knowledge Tile Quiz

Click here to take the quiz!

General Stats

  • This quiz has been taken 18 times
  • The average score is 42 of 60

Answer Stats

QuestionTileSelect% Correct
lengths of music noteA minorNo
100%
lengths of music noteFresianNo
100%
lengths of music notePhrygianNo
100%
types of modeBrownianNo
93%
instruments often found in a Baroque orchestraContrabassoonNo
93%
chords in the key of A majorD minorNo
93%
types of modeDominantNo
93%
famous composers of the Romantic eraFrobergerNo
93%
types of modeGuitarNo
93%
types of modeNihonianNo
93%
famous composers of the Romantic eraPalestrinaNo
93%
lengths of music noteSemiquaverYes
93%
chords in the key of A majorA minorNo
87%
chords in the key of A majorE minorNo
87%
chords in the key of A majorF# majorNo
87%
famous composers of the Romantic eraGershwinNo
87%
chords in the key of A majorG# minorNo
87%
famous composers of the Romantic eraHandelNo
87%
famous composers of the Romantic eraHaydnNo
87%
instruments often found in a Baroque orchestraPianoNo
87%
instruments often found in a Baroque orchestraTubaNo
87%
types of modeUlianNo
87%
famous composers of the Romantic eraBrahmsYes
80%
instruments often found in a Baroque orchestraClarinetNo
80%
lengths of music noteDotted quaverYes
80%
instruments often found in a Baroque orchestraHarpsichordYes
80%
lengths of music noteMinnimNo
80%
famous composers of the Romantic eraMozartNo
80%
lengths of music noteBreveYes
73%
famous composers of the Romantic eraChopinYes
73%
lengths of music noteCrochetNo
73%
lengths of music noteHemidemisemiquaverYes
73%
lengths of music noteMinimYes
73%
instruments often found in a Baroque orchestraViolinYes
73%
lengths of music noteCrotchetYes
67%
instruments often found in a Baroque orchestraFluteYes
67%
famous composers of the Romantic eraSchubertYes
67%
famous composers of the Romantic eraSchumannYes
67%
instruments often found in a Baroque orchestraViolaYes
67%
chords in the key of A majorD majorYes
53%
types of modeDorianYes
53%
lengths of music noteEighth noteYes
53%
types of modeAeolianYes
47%
chords in the key of A majorA maj7Yes
47%
chords in the key of A majorB minorYes
47%
instruments often found in a Baroque orchestraCelloYes
47%
chords in the key of A majorE majorYes
47%
types of modeIonianYes
47%
types of modeMixolydianYes
47%
instruments often found in a Baroque orchestraOboeYes
47%
famous composers of the Romantic eraPucciniYes
47%
chords in the key of A majorC# minorYes
40%
types of modeLydianYes
40%
types of modePhrygianYes
40%
famous composers of the Romantic eraSibeliusYes
40%
chords in the key of A majorF# minorYes
33%
chords in the key of A majorG# dimYes
33%
types of modeLocrianYes
33%
instruments often found in a Baroque orchestraLuteNo
33%
instruments often found in a Baroque orchestraTimpaniYes
27%

Score Distribution

Percentile by Number Answered

Percent of People with Each Score

Your Score History

You have not taken this quiz